| 000 | 00358nam a2200145 i 4500 | ||
|---|---|---|---|
| 001 | bg | ||
| 100 | 1 | _aSTANISŁAWSKI, Jan. | |
| 245 | 0 |
_aWielki słownik angielsko-polski. _nT. 2, _pO-Z / _cJ. Stanisławski. |
|
| 250 | _aWyd.11. | ||
| 260 |
_aWarszawa, _c1990. |
||
| 040 | _cBPK | ||
| 041 | _apol | ||
| 942 | _cKS | ||
| 008 | s pl f |000 0 pol | ||
| 999 |
_c29535 _d29535 |
||
| 856 |
_uhttp://koha.tu.koszalin.pl/cgi-bin/koha/opac-detail.pl?biblionumber=29535 _yKatalog online BPK |
||